000 00651nam a2200277Ia 4500
005 20260324140610.0
008 008 260324s9999 xx 000 0 eng d
020 _a9781315072036
037 _aEBOOK
040 _aCRL
040 _beng
040 _cCRL
041 _2eng
041 _aeng
084 _qCRL
100 _aJohn Kenworthy
_91205020
245 0 _aPlanning and Control of Manufacturing Operations
260 _bTaylor and Francis
260 _c1998
365 _a
365 _b230
856 _uhttp://www.taylorfrancis.com/books/9781315072036
942 _cEBOOK
999 _c1807246
_d1807246